000 01321ctm a22002537a 4500
999 _c7301
_d7301
003 OSt
005 20200622164927.0
008 200620q19562018spc|||| |||| 0|0 0dcat|d
040 _bcat
_cCDMR
100 1 _aPons, Agustí
_ecreador
_92195
245 1 0 _aFons Agustí Pons i Mir
260 _cEntre 1956 i 2018
300 _a4,3 m (43 unitats d'instal·lació) de documentació textual, paper + biblioteca
300 _a1 unitat d'instal·lació que conté 332 imatges (242 positius color, 21 diapositives i 69 positiu b/n), 23 cds i 79 cassetes àudio
506 _cAccés lliure, amb excepció de la documentació que conté dades protegides per la legislació vigent
520 3 _aCorrespondència, manuscrits, documents identificatius, certificats, documents de l'activitat acadèmica, esborranys i material de treball, documentació sobre la seva obra, biblioteca personal, publicacions periòdiques, material gràfic i retalls de premsa
524 _aSant Cugat del Vallès, Arxiu Nacional de Catalunya, Fons Agustí Pons i Mir
600 1 0 _aPons, Agustí
_xArxius
_92195
600 1 0 _aPons, Agustí
_xBiografia
_92195
650 7 _aPeriodistes
_zCatalunya
_xArxius
_2lemac
_92400
655 7 _aManuscrits
_2lemac
942 _cREF